000 00568nam a2200205Ia 4500
001 14468
003 IVS
005 20250626030525.0
008 211022s9999 xx 000 0 und d
040 _cIVS
082 _a741.6 HAR
100 _aHareem Farrukh
245 0 _aInclusive Design: Designing for Dyslexia in Pakistan
260 _aKarachi
260 _bIndus Valley School of Art & Architecture
260 _c2019
300 _a59
856 _uhttps://drive.google.com/file/d/1SEnr7EQ6QcDwW1hJtukURnj7yR8_Smc8/view?usp=sharing
942 _cDISS
_2ddc
_n0
999 _c10005
_d10005